000 00601nam a22002057a 4500
003 dpl
005 20180726111647.0
008 180726b xxu||||| |||| 00| 0 eng d
020 _c140.00
035 _aB-110510
040 _aDPL
_bEN
_c0
082 _a347
100 _aSaxena,R.N.
245 _aThe Code of Criminal Procedure,1973 alongwith Juvenile Justice and Probation of Offenders
_cby R.N.Saxena
250 _a12th ed.
260 _aAllahabad
_bCentral Law Agency
_c2004
300 _a372p.;
_c21cm
700 _aRevised by Khanna,Rakesh
942 _2ddc
_cEN
_h347
_mSAX
999 _c154852
_d154852